[Event "GCT 2025 - Superbet Chess Classic"]
[Site "Bucarest"]
[Date "07.05.2025"]
[Round "1"]
[White "Duda, Jan-Krzysztof"]
[Black "Caruana, Fabiano"]
[Result "1/2-1/2"]
[WhiteTitle "GM"]
[BlackTitle "GM"]
[WhiteElo "2739"]
[BlackElo "2776"]
[WhiteFideId "1170546"]
[BlackFideId "2020009"]
[EventDate "2025.05.07"]

1. e4 c5 2. Nf3 e6 3. d4 cxd4 4. Nxd4 Nf6 5. Nc3 Nc6 6. a3 d6 7. Be3 Be7 8. Be2
O-O 9. Qd2 e5 10. Nb3 Nxe4 11. Nxe4 d5 12. Nc3 d4 13. Rd1 Be6 14. Nxd4 exd4 15.
Bxd4 Nxd4 16. Qxd4 Qxd4 17. Rxd4 Rac8 18. Bd3 Bxa3 19. bxa3 Rxc3 20. Ra4 Ra8 21.
Kd2 Rc5 22. Rb1 Bd5 23. Be4 Bxe4 24. Rxe4 b6 25. c4 Rac8 26. Rb4 Kf8 27. Kc3 Ra5
28. a4 Re8 29. Rf4 Re1 30. h4 g6 31. Kb3 Rb1+ 32. Kc3 Ra1 33. Kb3 Kg7 34. g3 h6
35. Rd4 Re5 36. Rd2 Re4 37. Rb2 Rd4 38. c5 bxc5 39. Rxd4 cxd4 40. Rd2 Rf1 41.
Kc4 Kf6 42. Kxd4 Ra1 43. Ke3 Rxa4 44. Rd7 Ra3+ 45. Kf4 Ra4+ 46. Ke3 Ke6 47. Rc7
h5 48. f3 a5 49. Ra7 f6 50. Ra8 Ke5 51. Re8+ Kf5 52. Ra8 Ra3+ 53. Ke2 a4 54.
Ra5+ Ke6 55. Kf2 Ra1 56. g4 hxg4 57. fxg4 a3 58. Ra7 f5 59. h5 gxh5 60. g5 Ra2+
61. Kg3 Ra1 62. Kf2 a2 63. g6 Rb1 64. g7 Rb8 65. Rxa2 Kf6 66. Kg3 Kxg7 67. Kf4
Rf8 68. Kg5 h4 69. Kxh4 f4 70. Kg4 f3 71. Rf2 Kg8 72. Rxf3 Rxf3 73. Kxf3 1/2-1/2

[Event "GCT 2025 - Superbet Chess Classic"]
[Site "Bucarest"]
[Date "07.05.2025"]
[Round "1"]
[White "Firouzja, Alireza"]
[Black "Vachier-Lagrave, Maxime"]
[Result "1-0"]
[WhiteTitle "GM"]
[BlackTitle "GM"]
[WhiteElo "2757"]
[BlackElo "2723"]
[WhiteFideId "12573981"]
[BlackFideId "623539"]
[EventDate "2025.05.07"]

1. e4 c5 2. Nf3 e6 3. d3 d5 4. Qe2 Nf6 5. g3 Nc6 6. Bg2 Be7 7. a4 b6 8. O-O Bb7
9. Bf4 h6 10. h4 O-O 11. e5 Nh7 12. c3 Qd7 13. Re1 Rae8 14. Nbd2 f5 15. exf6
Bxf6 16. Bh3 g5 17. hxg5 hxg5 18. Be5 Qg7 19. Bxf6 Rxf6 20. Nh2 Rh6 21. Bg2 Nf6
22. Ng4 Nxg4 23. Qxg4 Ne5 24. Qe2 Nc6 25. Nf1 g4 26. a5 b5 27. a6 Ba8 28. Rad1
Rf8 29. Nh2 Rg6 30. Qd2 Nb8 31. d4 c4 32. Ra1 Bc6 33. Re5 Nd7 34. Rh5 Nf6 35.
Rh4 Bd7 36. Re1 Bc8 37. Nf1 Rg5 38. Re5 Rg6 39. Ne3 Kf7 40. Qe2 Re8 41. b3 Bxa6
42. bxc4 bxc4 43. Qa2 Bc8 44. Nxd5 exd5 45. Qxa7+ Bd7 46. Bxd5+ Nxd5 47. Qxd7+
Ne7 48. Rf5+ Rf6 49. Rxg4 Qh8 50. Rxf6+ Kxf6 51. Rh4 1-0

[Event "GCT 2025 - Superbet Chess Classic"]
[Site "Bucarest"]
[Date "07.05.2025"]
[Round "1"]
[White "So, Wesley"]
[Black "Deac, Bogdan-Daniel"]
[Result "1-0"]
[WhiteTitle "GM"]
[BlackTitle "GM"]
[WhiteElo "2751"]
[BlackElo "2668"]
[WhiteFideId "5202213"]
[BlackFideId "1226380"]
[EventDate "2025.05.07"]

1. c4 e5 2. Nc3 Bb4 3. Nd5 Be7 4. Nf3 d6 5. g3 c6 6. Nxe7 Nxe7 7. b4 f6 8. Bg2
Be6 9. d3 Qd7 10. O-O a5 11. bxa5 Rxa5 12. Qc2 c5 13. Rb1 Nbc6 14. Qb2 O-O 15.
Qxb7 Rxa2 16. Qxd7 Bxd7 17. Nd2 Nd4 18. Re1 Bc6 19. Rb2 Rxb2 20. Bxb2 Bxg2 21.
Kxg2 Ne6 22. Ra1 Rb8 23. Bc3 Kf8 24. e3 Ke8 25. Kf3 Rb7 26. Ke2 Kd7 27. f4 h5
28. Ne4 Nc6 29. f5 Nc7 30. h3 Ra7 31. Rxa7 Nxa7 32. g4 hxg4 33. hxg4 Nc6 34. Kf3
Ne7 35. Ng3 g6 36. Ba5 Ne8 37. Bd2 Ng7 38. g5 Ngxf5 39. gxf6 Nxg3 40. f7 1-0

[Event "GCT 2025 - Superbet Chess Classic"]
[Site "Bucarest"]
[Date "07.05.2025"]
[Round "1"]
[White "Aronian, Levon"]
[Black "Abdusattorov, Nodirbek"]
[Result "1/2-1/2"]
[WhiteTitle "GM"]
[BlackTitle "GM"]
[WhiteElo "2747"]
[BlackElo "2771"]
[WhiteFideId "13300474"]
[BlackFideId "14204118"]
[EventDate "2025.05.07"]

1. Nf3 Nf6 2. c4 e6 3. b3 b6 4. e3 Bb7 5. Be2 Be7 6. O-O O-O 7. d4 d5 8. cxd5
Nxd5 9. Bb2 Nd7 10. Nc3 c5 11. Nxd5 Bxd5 12. Rc1 Rc8 13. Bc4 Bxc4 14. Rxc4 Bf6
15. Qe2 cxd4 16. Bxd4 Bxd4 17. Nxd4 Ne5 18. Rc2 Rxc2 19. Qxc2 Qc8 20. Rc1 Qxc2
21. Rxc2 Rd8 22. Rc7 g5 23. Kf1 a6 24. Nc6 Nxc6 25. Rxc6 Rd1+ 26. Ke2 Rb1 27.
Rxb6 Rb2+ 28. Kf3 Rxa2 29. g4 Kg7 30. b4 h6 31. b5 axb5 32. Rxb5 Rc2 33. Rb6 Ra2
34. Rb5 Rc2 35. Rb6 Ra2 36. Rb5 1/2-1/2

[Event "GCT 2025 - Superbet Chess Classic"]
[Site "Bucarest"]
[Date "07.05.2025"]
[Round "1"]
[White "Gukesh, Dommaraju"]
[Black "Praggnanandhaa, Rameshbabu"]
[Result "1/2-1/2"]
[WhiteTitle "GM"]
[BlackTitle "GM"]
[WhiteElo "2787"]
[BlackElo "2758"]
[WhiteFideId "46616543"]
[BlackFideId "25059530"]
[EventDate "2025.05.07"]

1. d4 d5 2. c4 dxc4 3. Nf3 c5 4. d5 Nf6 5. Nc3 e6 6. e4 exd5 7. exd5 Bd6 8. Qe2+
Be7 9. Bf4 O-O 10. O-O-O Bd6 11. Qxc4 a6 12. Bxd6 Qxd6 13. Bd3 b5 14. Qh4 Nbd7
15. Rhe1 h6 16. Nd2 Nxd5 17. Nxd5 Qxd5 18. Be4 Qd4 19. Nf3 Qc4+ 20. Kb1 Rb8 21.
Bh7+ Kxh7 22. Re4 Nb6 23. Rxc4 bxc4 24. Kc1 Bf5 25. g4 Bg6 26. g5 Na4 27. Ne5
Nxb2 28. Nxg6 fxg6 29. gxh6 Nxd1 30. hxg7+ Kxg7 31. Qe7+ Kh6 32. Qh4+ Kg7 33.
Qe7+ Kh6 34. Qh4+ Kg7 35. Qe7+ 1/2-1/2

[Event "GCT 2025 - Superbet Chess Classic"]
[Site "Bucarest"]
[Date "08.05.2025"]
[Round "2"]
[White "Vachier-Lagrave, Maxime"]
[Black "So, Wesley"]
[Result "1-0"]
[WhiteTitle "GM"]
[BlackTitle "GM"]
[WhiteElo "2723"]
[BlackElo "2751"]
[WhiteFideId "623539"]
[BlackFideId "5202213"]
[EventDate "2025.05.07"]

1. e4 e5 2. Nf3 Nc6 3. Bb5 a6 4. Ba4 Nf6 5. O-O Nxe4 6. d4 Be7 7. Re1 b5 8. Rxe4
d5 9. Nxe5 Nxe5 10. Rxe5 bxa4 11. Qe2 f6 12. Re3 c5 13. dxc5 Kf7 14. Nc3 Bxc5
15. Rd3 Qe7 16. Be3 d4 17. Bxd4 Qxe2 18. Nxe2 Re8 19. Nc3 Bxd4 20. Rxd4 a3 21.
bxa3 Bf5 22. Nd5 Bxc2 23. Nc7 Rad8 24. Rxd8 Rxd8 25. Nxa6 Ra8 26. Nb4 Bf5 27. a4
Rxa4 28. a3 h5 29. f3 g5 30. Kf2 h4 31. Ke3 Ra5 32. Kd4 Bd7 33. Nd3 Bc6 34. h3
Ke6 35. Rc1 Kd6 36. Nb2 Rd5+ 37. Ke3 Re5+ 38. Kf2 Rb5 39. Nc4+ Ke7 40. Re1+ Kd7
41. Ne3 f5 42. Nc4 Bd5 43. a4 Rb4 44. Ne3 Be6 45. Ra1 Rb2+ 46. Kg1 Re2 47. Ra3
Kc6 48. a5 Kb7 49. a6+ Ka7 50. Rc3 Kb6 51. Nc2 Rd2 52. Nb4 Bd7 53. Ra3 Ka7 54.
Re3 Rd1+ 55. Kh2 g4 56. hxg4 fxg4 57. fxg4 Bxg4 58. Re4 Bc8 59. Rxh4 Rc1 60. Rf4
Kb6 61. Rf6+ Kb5 62. Rf8 Kb6 63. Rf4 Rc5 64. g4 Rg5 65. Kg3 Rg8 66. Re4 Kb5 67.
Kh4 Rh8+ 68. Kg5 Rg8+ 69. Kf6 Bxg4 70. Kf7 Rd8 71. Rxg4 Rd1 72. Ke6 Kb6 73. Rg7 1-0

[Event "GCT 2025 - Superbet Chess Classic"]
[Site "Bucarest"]
[Date "08.05.2025"]
[Round "2"]
[White "Deac, Bogdan-Daniel"]
[Black "Aronian, Levon"]
[Result "1-0"]
[WhiteTitle "GM"]
[BlackTitle "GM"]
[WhiteElo "2668"]
[BlackElo "2747"]
[WhiteFideId "1226380"]
[BlackFideId "13300474"]
[EventDate "2025.05.07"]

1. d4 Nf6 2. c4 e6 3. Nc3 Bb4 4. e3 O-O 5. Bd3 d5 6. Nf3 b6 7. O-O Ba6 8. cxd5
exd5 9. Bxa6 Nxa6 10. Bd2 Re8 11. Rc1 Bf8 12. Qa4 Qc8 13. Ne2 Qb7 14. Qc6 Qxc6
15. Rxc6 Ne4 16. Rfc1 Rad8 17. Be1 Bd6 18. g3 f6 19. h4 Nb8 20. R6c2 c6 21. Nh2
Bf8 22. Nf4 Bd6 23. Ne2 Bf8 24. Kg2 Nd6 25. Nf4 Nb7 26. Nf3 Bd6 27. Nd3 c5 28.
dxc5 bxc5 29. Rd1 Nd7 30. b4 c4 31. Nb2 Nb6 32. a4 Bf8 33. a5 Na8 34. a6 Nd6 35.
Rxd5 Nb6 36. Ra5 Rc8 37. Nd4 Re5 38. b5 Rc7 39. Kf3 Re8 40. Na4 Nd7 41. Ke2 Kf7
42. g4 Rb8 43. f3 Re8 44. Bg3 Rcc8 45. Nc3 Nc5 46. Bxd6 Bxd6 47. Nc6 Rc7 48. Ra1
Bf8 49. Rd1 Nd3 50. Ne4 Ne5 51. Nd6+ Bxd6 52. Rxd6 Rec8 53. Nxe5+ fxe5 54. b6
axb6 55. Rxb6 c3 56. h5 Rd7 57. h6 g5 58. Rb7 Rxb7 59. axb7 Rb8 60. Rxc3 Rxb7
61. Kd3 Ke6 62. Ra3 Kd5 63. Ra5+ Ke6 64. Ke4 Rb4+ 65. Kd3 Rb3+ 66. Ke2 Rb2+ 67.
Kf1 Rb1+ 68. Kg2 Rb2+ 69. Kg3 Rb3 70. Kf2 Rb2+ 71. Kg3 Rb3 72. Ra7 e4 73. Rxh7
Rxe3 74. Rg7 Rxf3+ 75. Kg2 Rf8 76. Rg6+ Ke7 77. Rxg5 Ke6 78. Rg6+ Ke5 79. Rg7 e3
80. h7 Rh8 81. g5 1-0

[Event "GCT 2025 - Superbet Chess Classic"]
[Site "Bucarest"]
[Date "08.05.2025"]
[Round "2"]
[White "Caruana, Fabiano"]
[Black "Praggnanandhaa, Rameshbabu"]
[Result "1/2-1/2"]
[WhiteTitle "GM"]
[BlackTitle "GM"]
[WhiteElo "2776"]
[BlackElo "2758"]
[WhiteFideId "2020009"]
[BlackFideId "25059530"]
[EventDate "2025.05.07"]

1. c4 e5 2. Nc3 Bb4 3. Nd5 Bc5 4. e3 Nf6 5. Ne2 Nxd5 6. cxd5 O-O 7. Nc3 d6 8.
Be2 Nd7 9. O-O a6 10. a3 Ba7 11. b4 Nf6 12. Bb2 c6 13. dxc6 bxc6 14. Rc1 Bb7 15.
f4 c5 16. Qe1 cxb4 17. axb4 Qe7 18. Qh4 h6 19. b5 axb5 20. Nxb5 Bb8 21. Bc3 Rc8
22. Rb1 Bc6 23. Rb4 d5 24. fxe5 Bxe5 25. Nd4 Bd7 26. Rb7 Qe8 27. Bd3 Rcb8 28.
Rxb8 Rxb8 29. Bf5 Rb6 30. Bxd7 Nxd7 31. Ne2 Nf6 32. Bxe5 Qxe5 33. Nd4 Rb2 34.
Qf2 Kh7 35. Nf3 Qb8 36. Qe2 Qb5 37. Qxb5 Rxb5 38. Ne5 Rb2 39. d3 Rd2 40. g4 Re2
41. Rf3 Kg8 42. h4 Rd2 43. Kf1 h5 44. gxh5 Nxh5 45. Rxf7 Rxd3 46. Rxg7+ Nxg7 47.
Nxd3 Nf5 48. Nf4 Nxe3+ 49. Ke2 Nf5 50. Nxd5 Nxh4 1/2-1/2

[Event "GCT 2025 - Superbet Chess Classic"]
[Site "Bucarest"]
[Date "08.05.2025"]
[Round "2"]
[White "Duda, Jan-Krzysztof"]
[Black "Firouzja, Alireza"]
[Result "1/2-1/2"]
[WhiteTitle "GM"]
[BlackTitle "GM"]
[WhiteElo "2739"]
[BlackElo "2757"]
[WhiteFideId "1170546"]
[BlackFideId "12573981"]
[EventDate "2025.05.07"]

1. d4 Nf6 2. c4 e6 3. Nc3 Bb4 4. e3 b6 5. Ne2 Ba6 6. a3 Be7 7. Nf4 d5 8. cxd5
Bxf1 9. Kxf1 exd5 10. Qf3 c6 11. g4 O-O 12. h4 Re8 13. g5 Ne4 14. Nxe4 dxe4 15.
Qg4 Bd6 16. Bd2 Bxf4 17. Qxf4 Qd5 18. Bc3 Nd7 19. Rg1 Re6 20. Rg4 a5 21. Kg2 Rf8
22. h5 f5 23. Rg3 Rc8 24. a4 c5 25. Kh3 c4 26. Rf1 Rf8 27. Qc7 f4 28. exf4 Rc6
29. Qb7 Rxf4 30. Bd2 Rf5 31. Be3 Nf8 32. Kg2 Rf7 33. Qb8 Rf5 34. Rh1 Qd7 35. h6
g6 36. Rh4 b5 37. Rxe4 Rc8 38. Qb6 b4 39. Re5 Rxe5 40. dxe5 Qxa4 41. e6 Qe8 42.
Qxa5 Qc6+ 43. Kh2 Qd6 44. e7 Qxe7 45. Qd5+ Qf7 46. Qe5 Ne6 47. Bd4 Nxd4 48. Qxd4
c3 49. bxc3 bxc3 50. Rxc3 Rxc3 51. Qd8+ Qf8 52. Qd5+ Qf7 53. Qd8+ Qf8 54. Qd5+
Qf7 55. Qd8+ 1/2-1/2

[Event "GCT 2025 - Superbet Chess Classic"]
[Site "Bucarest"]
[Date "08.05.2025"]
[Round "2"]
[White "Abdusattorov, Nodirbek"]
[Black "Gukesh, Dommaraju"]
[Result "1/2-1/2"]
[WhiteTitle "GM"]
[BlackTitle "GM"]
[WhiteElo "2771"]
[BlackElo "2787"]
[WhiteFideId "14204118"]
[BlackFideId "46616543"]
[EventDate "2025.05.07"]

1. e4 e5 2. Nf3 Nc6 3. Bc4 Bc5 4. d3 Nf6 5. Bg5 d6 6. c3 a6 7. Nbd2 Ba7 8. O-O
h6 9. Bh4 Bg4 10. a4 Qd7 11. b4 Ne7 12. Bg3 Ng6 13. Qc2 O-O 14. d4 Nh5 15. Kh1
Rae8 16. h3 Be6 17. Bh2 Nhf4 18. Bxe6 Qxe6 19. Rae1 Qf6 20. d5 Rc8 21. c4 c6 22.
Qb3 Qe7 23. a5 Qd7 24. Ng1 b5 25. axb6 Bxb6 26. Ne2 Nxe2 27. Rxe2 c5 28. b5 Ra8
29. bxa6 Rxa6 30. f4 exf4 31. Bxf4 Bd8 32. Bg3 Bf6 33. Nf3 Rfa8 34. Kh2 Qe7 35.
e5 Bxe5 36. Nxe5 Nxe5 37. Bxe5 dxe5 38. Qg3 f6 39. Rb1 Ra3 40. Qg4 R3a4 41. Rb6
Rf8 42. Qe4 f5 43. Qxe5 Qxe5+ 44. Rxe5 Rxc4 45. Re7 Kh7 46. Rbb7 Rg8 47. Rbc7
Re4 48. Rxe4 fxe4 49. Rxc5 e3 50. d6 Rd8 51. Re5 Rxd6 52. Rxe3 Rc6 53. Rf3 Rd6
54. Re3 Rc6 55. Rf3 Rd6 56. Re3 1/2-1/2

[Event "GCT 2025 - Superbet Chess Classic"]
[Site "Bucarest"]
[Date "09.05.2025"]
[Round "3"]
[White "Gukesh, Dommaraju"]
[Black "Deac, Bogdan-Daniel"]
[Result "1/2-1/2"]
[WhiteTitle "GM"]
[BlackTitle "GM"]
[WhiteElo "2787"]
[BlackElo "2668"]
[WhiteFideId "46616543"]
[BlackFideId "1226380"]
[EventDate "2025.05.07"]

1. Nf3 d5 2. b3 Nf6 3. Bb2 e6 4. e3 Bd6 5. c4 Nc6 6. d4 O-O 7. Nbd2 b6 8. Be2
Bb7 9. O-O Qe7 10. Rc1 Rfd8 11. Bd3 Nb8 12. cxd5 exd5 13. Ne5 c5 14. f4 Nbd7 15.
Qf3 Nf8 16. Qh3 Rac8 17. Ndf3 Ne4 18. Nh4 Qe6 19. Nf5 cxd4 20. Bxd4 Bxe5 21.
Bxe5 f6 22. Bb2 Rxc1 23. Rxc1 Bc8 24. g4 Qf7 25. Nd4 Ne6 26. Nc6 Re8 27. b4 a5
28. bxa5 bxa5 29. Ba3 Bd7 30. Nxa5 Ra8 31. Bb4 Qe8 32. Bxe4 dxe4 33. Qg2 Nd8 34.
Rc4 Rc8 35. h3 Rxc4 36. Nxc4 Qe6 37. Nd6 Nf7 38. Nf5 Qc4 39. Ne7+ Kh8 40. Qd2
Bb5 41. Kh2 h5 42. gxh5 Nh6 43. a3 Be8 44. Qd1 Kh7 45. Kg2 Qa2+ 46. Kg3 Qb2 47.
Qd5 Qb1 48. Kh2 Bf7 49. Qc5 Qd1 50. Qd4 Qe2+ 51. Kg1 Qf3 52. Be1 Be6 53. Qd2
Qxh3 54. Ng6 Bf7 55. Nf8+ Kg8 56. Ng6 Qg4+ 57. Kf2 Qxh5 58. Qd8+ Kh7 59. Nf8+
Kg8 60. Ng6+ Kh7 61. Nf8+ Kg8 62. Ng6+ Kh7 63. Nf8+ Kg8 1/2-1/2

[Event "GCT 2025 - Superbet Chess Classic"]
[Site "Bucarest"]
[Date "09.05.2025"]
[Round "3"]
[White "Praggnanandhaa, Rameshbabu"]
[Black "Abdusattorov, Nodirbek"]
[Result "1-0"]
[WhiteTitle "GM"]
[BlackTitle "GM"]
[WhiteElo "2758"]
[BlackElo "2771"]
[WhiteFideId "25059530"]
[BlackFideId "14204118"]
[EventDate "2025.05.07"]

1. c4 g6 2. d4 Nf6 3. Nc3 d5 4. Nf3 Bg7 5. Bg5 Ne4 6. Bf4 O-O 7. e3 c5 8. cxd5
Nxc3 9. bxc3 Qxd5 10. Be2 cxd4 11. cxd4 Nc6 12. O-O Bf5 13. h4 Rac8 14. h5 Rfd8
15. h6 Bf6 16. Qa4 Qa5 17. Qxa5 Nxa5 18. Rac1 Nc6 19. a3 e6 20. Ng5 e5 21. dxe5
Nxe5 22. Rxc8 Rxc8 23. Rd1 Be7 24. e4 Bxg5 25. Bxg5 Bxe4 26. Bf6 Nc6 27. Rd7 Nb8
28. Re7 Bd5 29. Bg7 Rd8 30. Bb5 a6 31. Ba4 b5 32. Bd1 Nc6 33. Rc7 Be6 34. Rxc6
Rxd1+ 35. Kh2 Rd8 36. Rxa6 Bc4 37. Ra7 Bd5 38. f3 Ra8 39. Rd7 Bc4 40. Rb7 Re8
41. Kg3 Ra8 42. Kf2 Re8 43. Be5 Rc8 44. Bg7 Ra8 45. g4 Re8 46. Kg3 Be2 47. f4
Ra8 48. Kh4 Rc8 49. Kg5 Bd3 50. Be5 Re8 51. Bd6 Bc4 52. f5 Rc8 53. Be5 Re8 54.
Rd7 Rc8 55. Bf6 gxf5 56. gxf5 Kf8 57. Rb7 Ra8 58. Be7+ Ke8 59. Bb4 Ra6 60. Rb8+
Kd7 61. Rh8 1-0

[Event "GCT 2025 - Superbet Chess Classic"]
[Site "Bucarest"]
[Date "09.05.2025"]
[Round "3"]
[White "Aronian, Levon"]
[Black "Vachier-Lagrave, Maxime"]
[Result "1/2-1/2"]
[WhiteTitle "GM"]
[BlackTitle "GM"]
[WhiteElo "2747"]
[BlackElo "2723"]
[WhiteFideId "13300474"]
[BlackFideId "623539"]
[EventDate "2025.05.07"]

1. d4 Nf6 2. c4 g6 3. Nc3 d5 4. cxd5 Nxd5 5. e4 Nxc3 6. bxc3 Bg7 7. Nf3 c5 8.
Bb5+ Nc6 9. Rb1 O-O 10. d5 Ne5 11. O-O a6 12. Bd3 e6 13. Nxe5 Bxe5 14. c4 Qd6
15. a4 b5 16. Bh6 Bxh2+ 17. Kh1 Be5 18. f4 Bd4 19. Qf3 Qd8 20. Bg5 f6 21. Bh6 b4
22. Rbd1 f5 23. Qg3 exd5 24. cxd5 fxe4 25. Bxe4 Bf5 26. Bxf8 Bxe4 27. Bh6 Qxd5
28. f5 Bxf5 29. Rf4 b3 30. Rdf1 Kh8 31. Rxd4 Qxd4 32. Rf4 Qf6 33. Qxb3 g5 34.
Rxf5 Qxh6+ 35. Kg1 Qg7 36. Qd5 Rc8 37. Rxg5 Qa1+ 38. Kh2 Qf6 39. Qd7 Rd8 40. Qg4
c4 41. Rh5 c3 42. Qe4 Qg7 43. Qc6 Rg8 44. Rh3 Qe5+ 45. Kg1 Qe1+ 46. Kh2 Qe5+ 47.
Kg1 Qe1+ 48. Kh2 Qe5+ 1/2-1/2

[Event "GCT 2025 - Superbet Chess Classic"]
[Site "Bucarest"]
[Date "09.05.2025"]
[Round "3"]
[White "So, Wesley"]
[Black "Duda, Jan-Krzysztof"]
[Result "1/2-1/2"]
[WhiteTitle "GM"]
[BlackTitle "GM"]
[WhiteElo "2751"]
[BlackElo "2739"]
[WhiteFideId "5202213"]
[BlackFideId "1170546"]
[EventDate "2025.05.07"]

1. c4 Nf6 2. Nc3 e6 3. d4 Bb4 4. e3 O-O 5. Bd3 d5 6. Nf3 dxc4 7. Bxc4 c5 8. O-O
Nc6 9. a3 Ba5 10. Bd3 h6 11. Bc2 Qe7 12. Ne4 Nxe4 13. Bxe4 Rd8 14. Qa4 Bb6 15.
dxc5 Qxc5 16. Bd2 Bd7 17. Rac1 Qe7 18. Qb3 Be8 19. Rfd1 Ba5 20. Bxa5 Nxa5 21.
Qc2 Rxd1+ 22. Rxd1 Rd8 23. Rxd8 Qxd8 24. Nd4 Nc6 25. Bxc6 Bxc6 26. Nxc6 bxc6 27.
h3 Qd5 28. b4 a5 29. bxa5 Qxa5 30. Qxc6 Qxa3 31. Qe8+ Qf8 32. Qc6 Qa3 33. Qe8+
Qf8 34. Qc6 Qa3 35. Qe8+ 1/2-1/2

[Event "GCT 2025 - Superbet Chess Classic"]
[Site "Bucarest"]
[Date "09.05.2025"]
[Round "3"]
[White "Firouzja, Alireza"]
[Black "Caruana, Fabiano"]
[Result "0-1"]
[WhiteTitle "GM"]
[BlackTitle "GM"]
[WhiteElo "2757"]
[BlackElo "2776"]
[WhiteFideId "12573981"]
[BlackFideId "2020009"]
[EventDate "2025.05.07"]

1. d4 d5 2. Nf3 Nf6 3. c4 e6 4. Nc3 Nbd7 5. cxd5 exd5 6. Bg5 c6 7. Qc2 Be7 8. e3
Nh5 9. Bxe7 Qxe7 10. g4 Nhf6 11. Rg1 Nb6 12. h3 Be6 13. Bd3 g6 14. O-O-O O-O-O
15. Kb1 Kb8 16. Ka1 Rc8 17. Rc1 Rc7 18. Nd2 h5 19. g5 Nfd7 20. h4 c5 21. dxc5
Nxc5 22. Nb5 Rcc8 23. Qc3 Bd7 24. Qa3 Bxb5 25. Bxb5 Rc7 26. Rc2 Rhc8 27. Rgc1
Ne4 28. Rxc7 Rxc7 29. Qxe7 Rxe7 30. Nxe4 Rxe4 31. Rh1 d4 32. Bd3 Rg4 33. Bc2 Rg2
34. exd4 Rxf2 35. Kb1 Nc4 36. Bd3 Nd6 37. Rf1 Rd2 38. Rf3 Rg2 39. b3 b5 40. a4
bxa4 41. Bc4 axb3 42. Bxb3 Nf5 43. Rh3 Rf2 44. Bxf7 Nxh4 45. Rb3+ Kc7 46. Ra3 a5
47. Bd5 Rf5 48. Rc3+ Kd6 49. Be4 Rxg5 50. Rc6+ Kd7 51. Ra6 Rg4 52. Bc2 Ke7 53.
Rxa5 Kf6 54. Ra6+ Kg5 55. d5 Nf5 56. Kb2 h4 57. Kc3 h3 58. d6 h2 59. d7 Rd4 60.
Bxf5 h1=Q 61. Kxd4 Qh8+ 62. Kd5 Kxf5 63. Rd6 Qd8 64. Kc6 g5 65. Rd1 g4 66. Re1
Qa8+ 67. Kd6 g3 68. Ke7 Qa3+ 69. Ke8 Qa4 70. Rf1+ Ke6 71. Re1+ Kf5 72. Re2 Qb5
73. Re7 g2 0-1

[Event "GCT 2025 - Superbet Chess Classic"]
[Site "Bucarest"]
[Date "10.05.2025"]
[Round "4"]
[White "Caruana, Fabiano"]
[Black "Abdusattorov, Nodirbek"]
[Result "1/2-1/2"]
[WhiteTitle "GM"]
[BlackTitle "GM"]
[WhiteElo "2776"]
[BlackElo "2771"]
[WhiteFideId "2020009"]
[BlackFideId "14204118"]
[EventDate "2025.05.07"]

1. Nf3 d5 2. c4 e6 3. g3 Nf6 4. Bg2 Be7 5. O-O O-O 6. d4 dxc4 7. Qc2 a6 8. a4
Nc6 9. Qxc4 h6 10. Bd2 Qd5 11. Rc1 Rd8 12. Qxd5 exd5 13. e3 Bd6 14. a5 Bf5 15.
Nc3 Rac8 16. Na4 Ne4 17. Be1 Nb4 18. Ne5 Nf6 19. Bc3 Nc2 20. Ra2 Nb4 21. Raa1
Nc2 22. Ra2 Nb4 23. Raa1 Nc2 1/2-1/2

[Event "GCT 2025 - Superbet Chess Classic"]
[Site "Bucarest"]
[Date "10.05.2025"]
[Round "4"]
[White "Firouzja, Alireza"]
[Black "So, Wesley"]
[Result "1/2-1/2"]
[WhiteTitle "GM"]
[BlackTitle "GM"]
[WhiteElo "2757"]
[BlackElo "2751"]
[WhiteFideId "12573981"]
[BlackFideId "5202213"]
[EventDate "2025.05.07"]

1. e4 e5 2. Nf3 Nc6 3. Bb5 Nf6 4. d3 Bc5 5. Bxc6 dxc6 6. Nbd2 Nd7 7. O-O a5 8.
Nc4 f6 9. c3 b5 10. Ne3 O-O 11. d4 Bd6 12. Re1 Re8 13. Nf5 Bf8 14. N3h4 Nb6 15.
Qg4 exd4 16. cxd4 Bxf5 17. Nxf5 g6 18. e5 Kh8 19. Nh6 Qd5 20. h4 Nd7 21. Bf4 f5
22. Qg3 Bg7 23. Rac1 Nf8 24. h5 Bxh6 25. Bxh6 Re6 26. Bg5 Nd7 27. h6 Kg8 28. Rc2
c5 29. Qf3 Qxf3 30. gxf3 c6 31. dxc5 Nxe5 32. Kg2 Rae8 33. Rce2 Nd3 34. Rd1 Rxe2
35. Rxd3 Rxb2 36. Rd7 Ree2 37. Kg3 Rxf2 38. Rd8+ Kf7 39. Rd7+ Kg8 40. Rd8+ Kf7
41. Rd7+ Kg8 1/2-1/2

[Event "GCT 2025 - Superbet Chess Classic"]
[Site "Bucarest"]
[Date "10.05.2025"]
[Round "4"]
[White "Deac, Bogdan-Daniel"]
[Black "Praggnanandhaa, Rameshbabu"]
[Result "1/2-1/2"]
[WhiteTitle "GM"]
[BlackTitle "GM"]
[WhiteElo "2668"]
[BlackElo "2758"]
[WhiteFideId "1226380"]
[BlackFideId "25059530"]
[EventDate "2025.05.07"]

1. d4 d5 2. Nf3 Nf6 3. c4 e6 4. Nc3 Bb4 5. e3 c5 6. cxd5 Nxd5 7. Bd2 cxd4 8.
Nxd5 Bxd2+ 9. Qxd2 Qxd5 10. Qxd4 Qxd4 11. Nxd4 Bd7 12. Rc1 Nc6 13. Nxc6 Bxc6 14.
f3 Ke7 15. Bc4 Rac8 16. Ke2 Rc7 17. Rc3 Rhc8 18. Bd3 Bd5 19. Rxc7+ Rxc7 20. b3
e5 21. h4 h6 22. Kd2 a5 23. Rb1 Rc8 24. a3 Kd6 25. Be2 g5 26. hxg5 hxg5 27. e4
Be6 28. b4 Ra8 29. bxa5 Rxa5 30. Rxb7 Rxa3 31. Rb6+ Kc7 32. Rb2 Kd6 33. Rb6+ Kc7
34. Rb2 Kd6 35. Rb6+ 1/2-1/2

[Event "GCT 2025 - Superbet Chess Classic"]
[Site "Bucarest"]
[Date "10.05.2025"]
[Round "4"]
[White "Vachier-Lagrave, Maxime"]
[Black "Gukesh, Dommaraju"]
[Result "1-0"]
[WhiteTitle "GM"]
[BlackTitle "GM"]
[WhiteElo "2723"]
[BlackElo "2787"]
[WhiteFideId "623539"]
[BlackFideId "46616543"]
[EventDate "2025.05.07"]

1. e4 e5 2. Nf3 Nc6 3. d4 exd4 4. Nxd4 Bc5 5. Nb3 Bb6 6. Nc3 Qf6 7. Qe2 Nge7 8.
Be3 O-O 9. O-O-O d6 10. Qd2 Be6 11. Bb5 Qg6 12. h4 f5 13. h5 Qf7 14. h6 g6 15.
Bg5 a6 16. Bxc6 Nxc6 17. Nd5 Bxd5 18. exd5 Ne5 19. Rh4 Rfe8 20. f3 Ba7 21. Kb1
Bb6 22. Na5 c5 23. dxc6 bxc6 24. Qc3 Bc5 25. Ra4 Qc7 26. a3 Ra7 27. Bf4 Qb6 28.
Nb3 a5 29. Nxc5 Qxc5 30. Qxc5 dxc5 31. Re1 1-0

[Event "GCT 2025 - Superbet Chess Classic"]
[Site "Bucarest"]
[Date "10.05.2025"]
[Round "4"]
[White "Duda, Jan-Krzysztof"]
[Black "Aronian, Levon"]
[Result "0-1"]
[WhiteTitle "GM"]
[BlackTitle "GM"]
[WhiteElo "2739"]
[BlackElo "2747"]
[WhiteFideId "1170546"]
[BlackFideId "13300474"]
[EventDate "2025.05.07"]

1. e4 e5 2. Nf3 Nc6 3. Bc4 Nf6 4. Ng5 d5 5. exd5 Na5 6. Bb5+ c6 7. dxc6 bxc6 8.
Qf3 Be7 9. Bd3 O-O 10. Nc3 h6 11. Nge4 Nd5 12. Ng3 Nb4 13. Nf5 Nxd3+ 14. Qxd3 c5
15. Qxd8 Bxd8 16. Ne3 f5 17. b3 f4 18. Ned1 Nc6 19. Ba3 Nd4 20. Rc1 Rf6 21. Nb2
Rg6 22. Kf1 f3 23. g3 Bf5 24. Bxc5 Nxc2 25. h4 Rc8 26. Bxa7 Ba5 27. Nc4 Bxc3 28.
dxc3 Ra6 29. Be3 Rxa2 30. Kg1 Be6 31. Bb6 Rc6 32. Ba7 Bxc4 33. bxc4 Rxc4 34. Bb8
e4 35. Bf4 Rxc3 36. Kh2 e3 37. g4 e2 38. Kg3 Rd3 39. h5 Kh7 40. Rhg1 Ra1 0-1